000 00551nam a2200181Ia 4500
005 20250326123631.0
008 250326s9999 xx 000 0 und d
037 _aTextbook
040 _aFMSL
_beng
_cFMSL
041 _aeng
_2eng
084 _aD658(2:55)obX:8 L3
_qFMSL
100 _aMcfarlan F W
_9735662
245 0 _aInformation systems administration
_cMcfarlan F W; Norton D P
260 _aNY Holt
_bNY Holt, Rinehart and Winston
_c1973
300 _a596p
942 _cTB
_hD658(2:55)obX:8 L3
999 _c1270248
_d1270248